Fausto
Furkejuvvon:
| Váldodahkki: | |
|---|---|
| Materiálatiipa: | Girji |
| Giella: | duiskkagiella espánnjágiella |
| Almmustuhtton: |
Madrid
Abada Editores
2010
|
| Fáttát: | |
| Fáddágilkorat: |
Lasit fáddágilkoriid
Eai fáddágilkorat, Lasit vuosttaš fáddágilkora!
|
MARC
| LEADER | 00000cam a2200000 a 4500 | ||
|---|---|---|---|
| 001 | UCG9937 | ||
| 003 | CL-VaPUC | ||
| 008 | 120412e20100000SP |||||||||||||||||ger|d | ||
| 020 | |a 9788496775541 | ||
| 041 | 0 | 7 | |a ger |2 CL-VaPUC |
| 041 | 0 | 7 | |a spa |2 CL-VaPUC |
| 082 | 0 | 4 | |a 832 |b GOE |2 21 |
| 100 | |a Goethe, Johann Wolfgang von, |d 1749-1832 |e autor |9 265453 | ||
| 245 | 1 | 0 | |a Fausto |
| 300 | |a 867 p | ||
| 942 | |c BK | ||
| 945 | |d 20120412 00:00:00 |a dcastane | ||
| 260 | |a Madrid |b Abada Editores |c 2010 | ||
| 500 | |a Edición bilingüe de Helena Cortés Gabaudan | ||
| 650 | 0 | |a Dramas alemanes |9 266681 | |
| 650 | 0 | |a Literatura alemana |9 265457 | |
| 583 | |a last modification |c 20120412 12:50:12 |k Rodrigo Vera | ||
| 999 | |c 347463 |d 347461 | ||
| 952 | |0 0 |1 0 |4 0 |6 832_000000000000000_GOE_2010 |7 0 |8 A |9 448807 |a BIBART |b BIBART |d 2019-11-22 |i 4858018 |l 4 |m 4 |o 832 GOE 2010 |p 4858018 |r 2025-03-13 |s 2022-12-07 |w 2019-11-22 |y BK |k ART | ||